Statistics for 5-Letter Countries

Click here to take the quiz!

General Stats

  • This quiz has been taken 241 times
    (163 since last reset)
  • The average score is 19 of 24

Answer Stats

5-letter country% Correct
Japan
92%
Spain
92%
Egypt
91%
China
88%
Yemen
87%
Haiti
86%
Benin
85%
Chile
85%
Ghana
85%
Italy
85%
Tonga
85%
India
82%
Nauru
81%
Qatar
81%
Nepal
79%
Palau
79%
Libya
76%
Gabon
74%
Malta
74%
Samoa
74%
Syria
74%
Kenya
73%
Sudan
69%
Niger
68%

Score Distribution

Percentile by Number Answered

Percent of People with Each Score

Your Score History

You have not taken this quiz since the last reset